000 00435nam a22001697a 4500
003 CEME
005 20210628205937.0
008 210202b xxu||||| |||| 00| 0 eng d
040 _c.
082 _a297.64 ADA
100 _aAdil , Muhammad Ilyas
_977575
245 _aHazart umar farooq
260 _aLAHORE
_bMUSHTAQ BOOK CORNER
_c2003
300 _a208P
650 _aISLAM-BIOGRAPHY-HAZRAT USMAN FAROOQ
_977576
942 _cBK
_2ddc
999 _c582832
_d582832